000 00784nam a2200217Ii 4500
003 JO-AjNU
008 230605s9999||||xx |||||||||||||| ||und||
017 _a2016/5/2435
040 _aJO-AjNU
_bara
_erda
_cJO-AjNU
041 _aara
050 1 4 _aBP165.5.K43 2016
100 3 _aالخياط، عبد العزيز عزت,
_eauthor
_953243
245 0 0 _aأبحاث في العقيدة وعلم التوحيد وفلسفة الإسلام
250 _aط1
264 3 1 _aعمان: ورثة المرحوم عبد العزيز عزت الخياط ، 2016
300 _a182ص
336 _atext
_btxt
_2rdacontent
337 _aunmediated
_bn
_2rdamedia
338 _avolume
_bnc
_2rdacarrier
650 4 _aالعقيدة الاسلامية- علم الكلام- التوحيد
_953244
999 _aA23634
_c27202
_d27202